<?xml version="1.0" encoding="UTF-8"?>
<record
    xmlns:xsi="http://www.w3.org/2001/XMLSchema-instance"
    xsi:schemaLocation="http://www.loc.gov/MARC21/slim http://www.loc.gov/standards/marcxml/schema/MARC21slim.xsd"
    xmlns="http://www.loc.gov/MARC21/slim">

  <leader>04353cam a22005054i 4500</leader>
  <controlfield tag="003">PE-LiUPU</controlfield>
  <controlfield tag="005">20250731172906.0</controlfield>
  <controlfield tag="008">170124s2016    miu     rb    000 0 eng d</controlfield>
  <datafield tag="020" ind1=" " ind2=" ">
    <subfield code="a">0802871933</subfield>
  </datafield>
  <datafield tag="020" ind1=" " ind2=" ">
    <subfield code="a">9780802871930</subfield>
  </datafield>
  <datafield tag="035" ind1=" " ind2=" ">
    <subfield code="a">(Sirsi) a166462</subfield>
  </datafield>
  <datafield tag="040" ind1=" " ind2=" ">
    <subfield code="a">PE-LiUPU</subfield>
    <subfield code="b">spa</subfield>
    <subfield code="c">PE-LiUPU</subfield>
    <subfield code="e">rda</subfield>
  </datafield>
  <datafield tag="049" ind1=" " ind2=" ">
    <subfield code="a">PRUA</subfield>
  </datafield>
  <datafield tag="082" ind1="0" ind2="4">
    <subfield code="a">230.071</subfield>
    <subfield code="b">H79</subfield>
    <subfield code="2">23</subfield>
  </datafield>
  <datafield tag="245" ind1="0" ind2="0">
    <subfield code="a">How youth ministry can change theological education-if we let it :</subfield>
    <subfield code="b">reflections from the Lilly Endowment's High School Theology Program Seminar /</subfield>
    <subfield code="c">edited by Kenda Creasy Dean and Christy Lang Hearlson, with Andrew Brubacher Kaethler, Elizabeth Corrie, Katherine M. Douglass, Fred Edie, David Horn, Jeffrey Kaster, Anabel Proffitt, Judy Steers, Brent A. Strawn, Anne Streaty Wimberly, Jacquie Church Young.</subfield>
  </datafield>
  <datafield tag="264" ind1=" " ind2="1">
    <subfield code="a">Grand Rapids, Michigan :</subfield>
    <subfield code="b">Eerdmans Publishing Company,</subfield>
    <subfield code="c">2016.</subfield>
  </datafield>
  <datafield tag="300" ind1=" " ind2=" ">
    <subfield code="a">xxii, 309 p&#xE1;ginas ;</subfield>
    <subfield code="c">23 centimetros</subfield>
  </datafield>
  <datafield tag="336" ind1=" " ind2=" ">
    <subfield code="a">text</subfield>
    <subfield code="2">rdacontent</subfield>
  </datafield>
  <datafield tag="337" ind1=" " ind2=" ">
    <subfield code="a">unmediated</subfield>
    <subfield code="2">rdamedia</subfield>
  </datafield>
  <datafield tag="338" ind1=" " ind2=" ">
    <subfield code="a">volume</subfield>
    <subfield code="2">rdacarrier</subfield>
  </datafield>
  <datafield tag="504" ind1=" " ind2=" ">
    <subfield code="a">&#xCD;ndices: p&#xE1;ginas 301-309.</subfield>
  </datafield>
  <datafield tag="505" ind1="0" ind2=" ">
    <subfield code="a">tForeword /</subfield>
    <subfield code="r">Craig Dykstra --</subfield>
    <subfield code="g">Part I.</subfield>
    <subfield code="t">A More Excellent Way : Vocational Discernment as a Practice of Christian Community : --</subfield>
    <subfield code="g">1.</subfield>
    <subfield code="t">Taste tests and teenagers : vocational discernment as a creative social practice /</subfield>
    <subfield code="r">Kenda Creasy Dean and Christy Lang Hearlson --</subfield>
    <subfield code="g">2.</subfield>
    <subfield code="t">Calling as creative process : wicked questions for theological education /</subfield>
    <subfield code="r">Kenda Creasy Dean and Christy Lang Hearlson --</subfield>
    <subfield code="g">Part II.</subfield>
    <subfield code="t">More than a Job Fair : Creating Cultures of Vocational Discernment : --</subfield>
    <subfield code="g">3.</subfield>
    <subfield code="t">Catalyzing community : forming the community as catechist /</subfield>
    <subfield code="r">Anabel Proffitt and Jacquie Church Young --</subfield>
    <subfield code="g">4.</subfield>
    <subfield code="t">Give me mentors : pedagogies of spiritual accompaniment /</subfield>
    <subfield code="r">Anne Streaty Wimberly --</subfield>
    <subfield code="g">5.</subfield>
    <subfield code="t">Holy noticing : the power of nomination and commissioning for missional formation /</subfield>
    <subfield code="r">Katherine M. Douglass --</subfield>
    <subfield code="g">6.</subfield>
    <subfield code="t">Taking it home : separation and reintegration as teachable moments /</subfield>
    <subfield code="r">Christy Lang Hearlson --</subfield>
    <subfield code="g">Part III.</subfield>
    <subfield code="t">More than Summer Camp : Adventures in Vocational Pedagogies : --</subfield>
    <subfield code="g">7.</subfield>
    <subfield code="t">Getting all turned around : truth, disruption, and reorientation in high school theology programs /</subfield>
    <subfield code="r">Andrew Brubacher Kaethler --</subfield>
    <subfield code="g">8.</subfield>
    <subfield code="t">Fuel my faith : pedagogies of theological reflection in high school theology programs /</subfield>
    <subfield code="r">Jeffrey Kaster --</subfield>
    <subfield code="g">9.</subfield>
    <subfield code="t">The formative power of awe : pedagogies of worship and wonder /</subfield>
    <subfield code="r">Fred Edie --</subfield>
    <subfield code="g">.10.</subfield>
    <subfield code="t">Prepare me for a worthy adventure : pedagogies of pilgrimage in adolescent formation /</subfield>
    <subfield code="r">David Horn --</subfield>
    <subfield code="g">11.</subfield>
    <subfield code="t">Let me try : experiential learning in the theological formation of young people /</subfield>
    <subfield code="r">Judy Steers --</subfield>
    <subfield code="g">Part IV.</subfield>
    <subfield code="t">More than Teenagers : Vocational Discernment in the Lives of Program Staff, Faculty, and Theological Institutions : --</subfield>
    <subfield code="g">12.</subfield>
    <subfield code="t">Becoming Christ's hands and feet in the world : the vocational formation of staff /</subfield>
    <subfield code="r">Elizabeth W. Corrie --</subfield>
    <subfield code="g">13.</subfield>
    <subfield code="t">Teaching in a new key : the pedagogical formation of theological faculty /</subfield>
    <subfield code="r">Brent A. Strawn --</subfield>
    <subfield code="g">14.</subfield>
    <subfield code="t">Hitting it out of the park : why churches need farm teams /</subfield>
    <subfield code="r">Kenda Creasy Dean --</subfield>
    <subfield code="t">Appendixes --</subfield>
    <subfield code="g">A. Research methods for the high school you theology program seminar /</subfield>
    <subfield code="r">Katherine M. Douglas with Kenda Creasy Dean --</subfield>
    <subfield code="g">B.</subfield>
    <subfield code="t">Members of the High School Theology Program Seminar (2011-2013) --</subfield>
    <subfield code="g">C.</subfield>
    <subfield code="t">Theological programs for high school youth, Lilly Endowment, Inc. (active in 2014)</subfield>
  </datafield>
  <datafield tag="526" ind1=" " ind2=" ">
    <subfield code="a">SEG42</subfield>
  </datafield>
  <datafield tag="526" ind1=" " ind2=" ">
    <subfield code="a">SEG41</subfield>
  </datafield>
  <datafield tag="526" ind1=" " ind2=" ">
    <subfield code="a">SEG40</subfield>
  </datafield>
  <datafield tag="526" ind1=" " ind2=" ">
    <subfield code="a">SEG39</subfield>
  </datafield>
  <datafield tag="526" ind1=" " ind2=" ">
    <subfield code="a">P94</subfield>
  </datafield>
  <datafield tag="526" ind1=" " ind2=" ">
    <subfield code="a">P87</subfield>
  </datafield>
  <datafield tag="526" ind1=" " ind2=" ">
    <subfield code="a">P86</subfield>
  </datafield>
  <datafield tag="526" ind1=" " ind2=" ">
    <subfield code="a">P85</subfield>
  </datafield>
  <datafield tag="526" ind1=" " ind2=" ">
    <subfield code="a">P77</subfield>
  </datafield>
  <datafield tag="526" ind1=" " ind2=" ">
    <subfield code="a">P76</subfield>
  </datafield>
  <datafield tag="526" ind1=" " ind2=" ">
    <subfield code="a">P35</subfield>
  </datafield>
  <datafield tag="650" ind1="0" ind2="4">
    <subfield code="a">Trabajo de la Iglesia con los j&#xF3;venes.</subfield>
  </datafield>
  <datafield tag="650" ind1="0" ind2="4">
    <subfield code="a">Educaci&#xF3;n preteol&#xF3;gica.</subfield>
  </datafield>
  <datafield tag="650" ind1="0" ind2="4">
    <subfield code="a">Teolog&#xED;a</subfield>
    <subfield code="x">Estudio y ense&#xF1;anza.</subfield>
    <subfield code="9">1515</subfield>
  </datafield>
  <datafield tag="700" ind1="1" ind2=" ">
    <subfield code="a">Dean, Kenda Creasy,</subfield>
    <subfield code="d">1959-</subfield>
    <subfield code="e">editor.</subfield>
  </datafield>
  <datafield tag="710" ind1="2" ind2=" ">
    <subfield code="a">Lilly Endowment's High School Theology Program.</subfield>
  </datafield>
  <datafield tag="910" ind1=" " ind2=" ">
    <subfield code="a">jck</subfield>
    <subfield code="b">jvq</subfield>
    <subfield code="c">jck</subfield>
    <subfield code="d">20170124.</subfield>
  </datafield>
  <datafield tag="942" ind1=" " ind2=" ">
    <subfield code="2">ddc</subfield>
    <subfield code="c">BOOK</subfield>
  </datafield>
  <datafield tag="949" ind1=" " ind2=" ">
    <subfield code="a">230.071 H79</subfield>
    <subfield code="w">DEWEY</subfield>
    <subfield code="c">1</subfield>
    <subfield code="i">75601</subfield>
    <subfield code="l">CATALOGING</subfield>
    <subfield code="m">BUL</subfield>
    <subfield code="p">20.00</subfield>
    <subfield code="r">0</subfield>
    <subfield code="s">Y</subfield>
    <subfield code="t">BOOK</subfield>
    <subfield code="u">2017-01-24</subfield>
    <subfield code="x">TEOLOGIA</subfield>
    <subfield code="z">POSGRADO TEOLOG&#xCD;A</subfield>
    <subfield code="0">COMPRA</subfield>
    <subfield code="o">.CIRCNOTE. El documento es de alto precio.</subfield>
    <subfield code="o">.STAFF. Colecci&#xF3;n Teolog&#xED;a</subfield>
  </datafield>
  <datafield tag="596" ind1=" " ind2=" ">
    <subfield code="a">1</subfield>
  </datafield>
  <datafield tag="999" ind1=" " ind2=" ">
    <subfield code="a">230.071 H79</subfield>
    <subfield code="w">LC</subfield>
    <subfield code="c">15202</subfield>
    <subfield code="i">75601</subfield>
    <subfield code="f">2021-11-9</subfield>
    <subfield code="g">6</subfield>
    <subfield code="l">CCODEBUL1</subfield>
    <subfield code="m">BUL</subfield>
    <subfield code="p">20.00</subfield>
    <subfield code="r">0</subfield>
    <subfield code="s">Y</subfield>
    <subfield code="t">BOOK</subfield>
    <subfield code="u">2017-1-24</subfield>
    <subfield code="x">TEOLOGIA</subfield>
    <subfield code="P">P85</subfield>
    <subfield code="0">COMPRA</subfield>
    <subfield code="o">.STAFF.  Colecci&#xF3;n Teolog&#xED;a</subfield>
    <subfield code="d">15202</subfield>
  </datafield>
  <datafield tag="980" ind1=" " ind2=" ">
    <subfield code="8">1</subfield>
    <subfield code="g">ALBERTO SANCHEZ Responsable de Automatizaci&#xF3;n</subfield>
  </datafield>
  <datafield tag="952" ind1=" " ind2=" ">
    <subfield code="r">2025-12-03 00:00:00</subfield>
    <subfield code="i">7</subfield>
    <subfield code="l">0</subfield>
    <subfield code="o">230.071 H79</subfield>
    <subfield code="p">75601</subfield>
    <subfield code="t">e1</subfield>
    <subfield code="v">25.00</subfield>
    <subfield code="w">2017-01-24</subfield>
    <subfield code="x">PG</subfield>
    <subfield code="y">BK</subfield>
    <subfield code="z">inventario-2023-12-13</subfield>
    <subfield code="1">0</subfield>
    <subfield code="2">ddc</subfield>
    <subfield code="5">0</subfield>
    <subfield code="7">0</subfield>
    <subfield code="8">GEN</subfield>
    <subfield code="f">P85</subfield>
    <subfield code="a">BUL</subfield>
    <subfield code="b">BUL</subfield>
    <subfield code="c">GEN</subfield>
    <subfield code="d">2017-01-24</subfield>
    <subfield code="e">COMPRA</subfield>
    <subfield code="g">20.00</subfield>
  </datafield>
</record>
